Statistiques concernant les 10 tennisman ayant le plus de grand slam

Cliquez ici pour prendre le quiz!

Statistiques générales

  • Ce quiz a été pris 159 fois
  • Le résultat moyen est 6 sur 10

Statistiques - réponses

HintRéponse% Correct
20Federer
100%
23Djokovic
99%
22Nadal
99%
14Sampras
67%
11Borg
66%
8Agassi
65%
7McEnroe
55%
8Lendl
41%
8Connors
32%
12Emerson
4%

Distribution des résultats

Percentile par nombre de réponses

% des personnes avec chaque résultat

Votre développement - résultats

Vous n’avez pas pris ce quiz